Étude médico-légale sur les blessures (Registro nro. 296909)

Detalles MARC
000 -ENCABEZADO
Número de control [NR] 02318nam a22002657a 4500
005 - FECHA Y HORA DE LA ÚLTIMA TRANSACCIÓN
control field 20140926160229.0
008 - DE LONGITUD FIJA DE DATOS DE ELEMENTOS - INFORMACIÓN GENERAL
Elementos de longitud fija [NR] 140917s1879 fr ||||fr|||| 001 0 fre d
040 ## - FUENTE DE CATALOGACION [NR]
Quien Cataloga Sandra Yazo
Quien Clasifica Sandra Yazo
041 0# - CODIGO DE IDIOMA [R]
Código de idioma para texto/pista de sonido o título separado [R] Francés
082 04 - NUMERO DE CLASIFICACION DECIMAL DEWEY [R]
Número de la edición [NR] 20
Número de clasificación [R] 614.1
092 ## - SIGNATURA TOPOGRAFICA LOCAL
Número de clasificación local E32N053
100 1# - ASIENTO PRINCIPAL--NOMBRE PERSONAL [NR]
ID Autoridad 62673
Nombre personal [NR] Tardieu, Ambroise,
Fechas asociadas con el nombre [NR] 1818-1879
242 00 - TRADUCCION DEL TITULO POR LA AGENCIA CATALOGADORA [R]
Título [NR] Estudio médico y legal sobre las heridas.
Parte restante del título [NR] Comprende las heridas en general, las heridas ocasionadas por imprudencia, los golpes y los homicidios involuntarios.
Mención de responsabilidad, etc. [NR] por Ambrosio Tardieu
Código de idioma del título traducido [NR] spa
245 10 - MENCION DE TITULO [NR]
Título [NR] Étude médico-légale sur les blessures
Parte restante del título [NR] Comprenant les blessures en général et les blessures par imprudence, les coups et l’homicide involontaires.
Mención de responsabilidad, etc. [NR] par Ambroise Tardieu
260 ## - PUBLICACION, DISTRIBUCION, ETC. (PIE DE IMPRENTA) [R]
Lugar de publicación, distribución, etc. [R] París (Francia)
Nombre del editor, distribuidor, etc. [R] Librairie J.-B. Baillière et fils [Librería de J. B. Baillière e Hijos]
-- Imprimerie D. Bardin [Imprenta de D. Bardin]
Fecha de publicación, distribución, etc. [R] 1879
300 ## - DESCRIPCION FISICA [R]
Extensión [R] 474, [6] páginas.
Dimensiones [R] 22 x 13 cm.
500 ## - NOTA GENERAL [R]
Nota general [NR] Detalles físicos: Encuadernación rígida (holandesa) en cartón duro forrado en papel. Lomo en cuero, con nervaduras sobre costuras y adornos en dorado. Guardas en papel impreso, imitando papel de agua. Hoja de cortesía. Anteportada. Portada impresa en una sola tinta. Texto impreso, en una sola columna. Notas al pie de página. Ejemplar en buen estado.
505 0# - NOTA DE CONTENIDO CON FORMATO PREESTABLECIDO [R]
Nota de contenido con formato preestablecido [NR] Parte 1 – 2: Heridas. Golpes. Homicidio: Forma de proceder en las visitas y exámenes ; Naturaleza de las heridas ; Causas de las heridas ; Consecuencias de las heridas ; Circunstancias en las que se causaron las heridas -- Parte 2: Heridas por imprudencia, golpes y homicidio involuntario: Escogencia del método de examen ; Estadísticas de heridas causadas por imprudencia ; Condiciones generales de los exámenes periciales en casos de heridas por imprudencia ; Características generales de las heridas y del homicidio, ocasionados involuntariamente ; Normas y elementos de juicio que se deben seguir en los exámenes y pruebas ; Las heridas voluntarias (provocadas o simuladas) ; La diferencia entre suicidio, homicidio y muerte accidental.
506 ## - NOTA DE RESTRICCIONES DE ACCESO [R]
Condiciones de acceso [NR] Consulta en sala
546 ## - NOTA DE IDIOMA [R]
Nota de idioma [NR] Texto en francés
650 #7 - ASIENTO SECUNDARIO DE MATERIA - TERMINO TEMATICO [R]
9 (RLIN) 36828
Término temático o nombre geográfico como elemento de entrada [NR] Medicina legal
Subdivisión general [R] Heridas
Subdivisión geográfica [R] Francia
650 #7 - ASIENTO SECUNDARIO DE MATERIA - TERMINO TEMATICO [R]
9 (RLIN) 45025
Término temático o nombre geográfico como elemento de entrada [NR] Heridas y lesiones
Subdivisión general [R] Aspectos legales
690 ## - ASUNTO AGREGADO LOCAL DE ENTRADA - TÉRMINO TEMÁTICO (OCLC, RLIN)
Acceso temático local Medicina legal
942 ## - ELEMENTOS DE ENTRADA AGREGADOS (KOHA)
Sistema de clasificación LOCAL
Tipo de ítem principal el descrito en 300a Libro
Edición 1
Clasificación E32N053
Existencias
Suprimido Perdido Sistema de clasificación Dañado No prestable Tipo de ítem específico Ubicación habitual Ubicación actual Localización Fecha de creación Forma de adquisición Costo Total préstamos Signatura topográfica Código de barras Última vez visto Ejemplar Price effective from Tipo de ítem
    LOCAL     Libro archivo Archivo Histórico Archivo Histórico Archivo histórico 17/09/2014 Donación 0.00   E32N053 L004499 17/09/2014 Ej.1 17/09/2014 Libro